MARC details
| 000 -LEADER |
| fixed length control field |
05475nam a22006977a 4500 |
| 001 - CONTROL NUMBER |
| control field |
19506413 |
| 005 - DATE AND TIME OF LATEST TRANSACTION |
| control field |
20231102140808.0 |
| 008 - FIXED-LENGTH DATA ELEMENTS--GENERAL INFORMATION |
| fixed length control field |
231102b |||||||| |||| 00| 0 eng d |
| 010 ## - LIBRARY OF CONGRESS CONTROL NUMBER |
| LC control number |
2016591949 |
| 020 ## - INTERNATIONAL STANDARD BOOK NUMBER |
| International Standard Book Number |
9780231176156 (pbk. : alk. paper) |
| 020 ## - INTERNATIONAL STANDARD BOOK NUMBER |
| International Standard Book Number |
0231176155 (pbk. : alk. paper) |
| 020 ## - INTERNATIONAL STANDARD BOOK NUMBER |
| International Standard Book Number |
9780231176149 (cloth : alk. paper) |
| 020 ## - INTERNATIONAL STANDARD BOOK NUMBER |
| International Standard Book Number |
0231176147 (cloth : alk. paper) |
| 020 ## - INTERNATIONAL STANDARD BOOK NUMBER |
| Canceled/invalid ISBN |
9780231850926 (e-book) |
| 020 ## - INTERNATIONAL STANDARD BOOK NUMBER |
| Canceled/invalid ISBN |
0231850921 (e-book) |
| 035 ## - SYSTEM CONTROL NUMBER |
| System control number |
(OCoLC)ocn922845502 |
| 040 ## - CATALOGING SOURCE |
| Original cataloging agency |
CDX |
| Language of cataloging |
eng |
| Transcribing agency |
KMU |
| Description conventions |
rda |
| Modifying agency |
KMU |
| 041 0# - LANGUAGE CODE |
| Language code of text/sound track or separate title |
eng |
| 050 00 - LIBRARY OF CONGRESS CALL NUMBER |
| Classification number |
PN 1995.9.J3 For |
| 245 00 - TITLE STATEMENT |
| Title |
For his eyes only : |
| Remainder of title |
the women of James Bond / |
| Statement of responsibility, etc. |
edited by Lisa Funnell |
| 264 #1 - PRODUCTION, PUBLICATION, DISTRIBUTION, MANUFACTURE, AND COPYRIGHT NOTICE |
| Place of production, publication, distribution, manufacture |
New York : |
| Name of producer, publisher, distributor, manufacturer |
Wallflower Press, |
| Date of production, publication, distribution, manufacture, or copyright notice |
[2015] |
| 264 #4 - PRODUCTION, PUBLICATION, DISTRIBUTION, MANUFACTURE, AND COPYRIGHT NOTICE |
| Date of production, publication, distribution, manufacture, or copyright notice |
©2015 |
| 300 ## - PHYSICAL DESCRIPTION |
| Extent |
xviii, 309 pages ; |
| Dimensions |
23 cm. |
| 336 ## - CONTENT TYPE |
| Content type term |
text |
| Content type code |
txt |
| Source |
rdacontent |
| 337 ## - MEDIA TYPE |
| Media type term |
unmediated |
| Media type code |
n |
| Source |
rdamedia |
| 338 ## - CARRIER TYPE |
| Carrier type term |
volume |
| Carrier type code |
nc |
| Source |
rdacarrier |
| 504 ## - BIBLIOGRAPHY, ETC. NOTE |
| Bibliography, etc. note |
Includes bibliographical references (pages 284-298) and index. |
| 505 00 - FORMATTED CONTENTS NOTE |
| Title |
Forward / |
| Statement of responsibility |
Christoph Lindner -- |
| Miscellaneous information |
Introduction. |
| Title |
The women of James Bond / |
| Statement of responsibility |
Lisa Funnell -- |
| Miscellaneous information |
Section 1: |
| Title |
From novel to film: |
| -- |
"Women were for recreation" : the gender politics of Ian Fleming's James Bond / |
| Statement of responsibility |
James Chapman -- |
| Title |
The Bond girl who is not there : the Tiffany Case / |
| Statement of responsibility |
Boel Ulfsdotter -- |
| Title |
James Bond and female authority : the female M in the Bond novels and films / |
| Statement of responsibility |
Jim Leach. |
| 505 00 - FORMATTED CONTENTS NOTE |
| Miscellaneous information |
Section 2: |
| Title |
Desiring the other: |
| -- |
Desiring the Soviet woman : Tatiana Romanova and From Russia with love / |
| Statement of responsibility |
Thomas M. Barrett -- |
| Title |
"The old ways are best" : the colonization of women of color in Bond films / |
| Statement of responsibility |
Travis L. Wagner -- |
| Title |
Bond's bit on the side : race, exoticism and the Bond "fluffer" character / |
| Statement of responsibility |
Charles Burnetts -- |
| Title |
The politics of representation : disciplining and domesticating Miss Moneypenny in Skyfall / |
| Statement of responsibility |
Kristen Shaw -- |
| Title |
Objects of white male desire : (d)evolving representations of Asian women in Bond films / |
| Statement of responsibility |
Lisa Funnell. |
| 505 00 - FORMATTED CONTENTS NOTE |
| Miscellaneous information |
Section 3: |
| Title |
Feminist critiques and movements: |
| -- |
"Never trust a rich spy" : Ursula Andress, Vesper Lynd, and mythic power in Casino Royale 1967 / |
| Statement of responsibility |
Robert von Dassanowsky -- |
| Title |
"This never happened to the other fellow" : On Her Majesty's Secret Service as Bond woman's film / |
| Statement of responsibility |
Marlisa Santos -- |
| Title |
"What really went on up there James?" : Bond's wife, Blofeld's patients, and empowered Bond women / |
| Statement of responsibility |
Dan Mills -- |
| Title |
Sisterhood as resistance in For your eyes only and Octopussy / |
| Statement of responsibility |
Fernando Gabriel Pagnoni Berns -- |
| Title |
Bond is not enough : Elektra King and the desiring Bond girl / |
| Statement of responsibility |
Alexander Sergeant. |
| 505 00 - FORMATTED CONTENTS NOTE |
| Miscellaneous information |
Section 4: |
| Title |
Gendered conventions: |
| -- |
Female bodies in James Bond title sequences / |
| Statement of responsibility |
Sabine Planka -- |
| Title |
Random access mysteries : James Bond and the matter of the unknown woman / |
| Statement of responsibility |
Eileen Rositzka -- |
| Title |
Pussy Galore : women and music in Goldfinger / |
| Statement of responsibility |
Catherine Haworth -- |
| Title |
Female voice and the Bond films / |
| Statement of responsibility |
Anna G. Piotrowska -- |
| Title |
Designing character : costume, Bond girls, and negotiating representation / |
| Statement of responsibility |
Andrea J. Severson. |
| 505 00 - FORMATTED CONTENTS NOTE |
| Miscellaneous information |
Section 5: |
| Title |
Female agency and gender roles: |
| -- |
Secret agent nuptials : marriage, gender roles, and the "different Bond woman" in On Her Majesty's Secret Service / |
| Statement of responsibility |
Stephen Nepa -- |
| Title |
The spy who fooled me : the early Bond girl and the magician's assistant / |
| Statement of responsibility |
Ross Karlan -- |
| Title |
"Women drivers" : the changing role of the Bond girl in vehicle chases / |
| Statement of responsibility |
Stephanie Jones -- |
| Title |
"It's not for everyone" : James Bond and Miss Moneypenny in Skyfall / |
| Statement of responsibility |
Klaus Dodds -- |
| Title |
"Who is Salt?" : the difficulty of constructing a female James Bond and reconstructing gender expectations / |
| Statement of responsibility |
Jeffrey A. Brown. |
| 505 00 - FORMATTED CONTENTS NOTE |
| Miscellaneous information |
Section 6: |
| Title |
Judi Dench's tenure as M: |
| -- |
From masculine mastermind to maternal martyr : Judi Dench's M, Skyfall, and the patriarchal logic of James Bond films / |
| Statement of responsibility |
Peter C. Kunze -- |
| Title |
M, 007, and the challenge of female authority in the Bond franchise / |
| Statement of responsibility |
Brian Patton -- |
| Title |
"M"(O)thering : female representation of age and power in James Bond / |
| Statement of responsibility |
Lori L. Parks -- Mothering the Bond - M relation in Skyfall and the Bond girl intervention / |
| -- |
Christopher Holliday -- |
| Title |
Property of a lady : (s)mothering Judi Dench's M / |
| Statement of responsibility |
Michael W. Boyce. |
| 600 10 - SUBJECT ADDED ENTRY--PERSONAL NAME |
| Personal name |
Fleming, Ian, |
| Dates associated with a name |
1908-1964. |
| Title of a work |
James Bond books. |
| 600 10 - SUBJECT ADDED ENTRY--PERSONAL NAME |
| Personal name |
Fleming, Ian, |
| Dates associated with a name |
1908-1964 |
| General subdivision |
Characters |
| -- |
Women. |
| 600 10 - SUBJECT ADDED ENTRY--PERSONAL NAME |
| Personal name |
Dench, Judi, |
| Dates associated with a name |
1934- |
| General subdivision |
Performances. |
| 600 14 - SUBJECT ADDED ENTRY--PERSONAL NAME |
| Personal name |
Bond, James |
| Titles and other words associated with a name |
(fiktiv gestalt) |
| 650 #0 - SUBJECT ADDED ENTRY--TOPICAL TERM |
| Topical term or geographic name entry element |
James Bond films |
| General subdivision |
History and criticism. |
| 650 #0 - SUBJECT ADDED ENTRY--TOPICAL TERM |
| Topical term or geographic name entry element |
Women in motion pictures. |
| 650 #7 - SUBJECT ADDED ENTRY--TOPICAL TERM |
| Topical term or geographic name entry element |
Filmvetenskap |
| General subdivision |
kvinnobilden |
| Geographic subdivision |
Storbritannien |
| Chronological subdivision |
1900-talet |
| -- |
2000-talet. |
| Source of heading or term |
kao |
| 650 #7 - SUBJECT ADDED ENTRY--TOPICAL TERM |
| Topical term or geographic name entry element |
Hegemonisk manlighet |
| General subdivision |
mansbilden |
| -- |
hjältar |
| -- |
film. |
| Source of heading or term |
kao |
| 650 #7 - SUBJECT ADDED ENTRY--TOPICAL TERM |
| Topical term or geographic name entry element |
Könsolikheter. |
| Source of heading or term |
kao |
| 650 #7 - SUBJECT ADDED ENTRY--TOPICAL TERM |
| Topical term or geographic name entry element |
Sexualitet. |
| Source of heading or term |
kao |
| 650 #7 - SUBJECT ADDED ENTRY--TOPICAL TERM |
| Topical term or geographic name entry element |
Genus. |
| Source of heading or term |
kao |
| 650 #7 - SUBJECT ADDED ENTRY--TOPICAL TERM |
| Topical term or geographic name entry element |
Etnicitet. |
| Source of heading or term |
kao |
| 650 #7 - SUBJECT ADDED ENTRY--TOPICAL TERM |
| Topical term or geographic name entry element |
Gender differences. |
| Source of heading or term |
kao |
| 650 #7 - SUBJECT ADDED ENTRY--TOPICAL TERM |
| Topical term or geographic name entry element |
Film studies |
| General subdivision |
image of women |
| Geographic subdivision |
Great Britain |
| Chronological subdivision |
20th century |
| -- |
21st century. |
| Source of heading or term |
kao//eng |
| 650 #7 - SUBJECT ADDED ENTRY--TOPICAL TERM |
| Topical term or geographic name entry element |
Hegemonic masculinity |
| General subdivision |
image of men |
| -- |
heroes |
| -- |
film. |
| Source of heading or term |
kao//eng |
| 650 #7 - SUBJECT ADDED ENTRY--TOPICAL TERM |
| Topical term or geographic name entry element |
Sexuality. |
| Source of heading or term |
kao//eng |
| 650 #7 - SUBJECT ADDED ENTRY--TOPICAL TERM |
| Topical term or geographic name entry element |
Gender. |
| Source of heading or term |
kao//eng |
| 650 #7 - SUBJECT ADDED ENTRY--TOPICAL TERM |
| Topical term or geographic name entry element |
Ethnicity. |
| Source of heading or term |
kao//eng |
| 650 #7 - SUBJECT ADDED ENTRY--TOPICAL TERM |
| Topical term or geographic name entry element |
James Bond-filmer |
| General subdivision |
genusaspekter. |
| Source of heading or term |
sao |
| 650 #7 - SUBJECT ADDED ENTRY--TOPICAL TERM |
| Topical term or geographic name entry element |
Kvinnor i filmen. |
| Source of heading or term |
sao |
| 650 #7 - SUBJECT ADDED ENTRY--TOPICAL TERM |
| Topical term or geographic name entry element |
Kvinnor på film. |
| Source of heading or term |
sfit |
| 650 #7 - SUBJECT ADDED ENTRY--TOPICAL TERM |
| Topical term or geographic name entry element |
James Bond. |
| Source of heading or term |
sfit |
| 650 #7 - SUBJECT ADDED ENTRY--TOPICAL TERM |
| Topical term or geographic name entry element |
Könsroller på film. |
| Source of heading or term |
sfit |
| 700 1# - ADDED ENTRY--PERSONAL NAME |
| Personal name |
Funnell, Lisa, |
| Dates associated with a name |
1980- |
| Relator term |
editor. |
| 906 ## - LOCAL DATA ELEMENT F, LDF (RLIN) |
| a |
7 |
| b |
cbc |
| c |
pccadap |
| d |
2 |
| e |
ncip |
| f |
20 |
| g |
y-gencatlg |
| 942 ## - ADDED ENTRY ELEMENTS (KOHA) |
| Source of classification or shelving scheme |
Library of Congress Classification |
| Koha item type |
Fiction |
| Suppress in OPAC |
No |